000 00302nam a2200133 i 4500
001 bg
100 1 _aSZUBERT, Wacław
245 0 _aZarys prawa pracy /
_cWacław Szubert.
260 _aWarszawa,
_c1980.
040 _cBPK
041 _apol
942 _cKS
008 s pl f |000 0 pol
999 _c19216
_d19216
856 _uhttp://koha.tu.koszalin.pl/cgi-bin/koha/opac-detail.pl?biblionumber=19216
_yKatalog online BPK